Alle Mitglieder der aktuellen Bundesregierung - Statistiken

Allgemein
  • Dieses Quiz wurde 132 mal gespielt
  • Das Durchschnittsergebnis liegt bei 12 aus 18
Antwortstatistiken
Amt Partei Name % Korrekt
Bundeskanzler SPD Olaf Scholz
99%
Außenministerin Grüne Annalena Baerbock
95%
Finanzminister FDP Christian Lindner
95%
Vizekanzler Grüne Robert Habeck
95%
Wirtschaftsminister & Klimaschutz Grüne Robert Habeck
95%
Verteidigungsminister SPD Boris Pistorius
84%
Gesundheitsminister SPD Karl Lauterbach
82%
Arbeitsminister & Soziales SPD Hubertus Heil
75%
Innenministerin & Heimat SPD Nancy Faeser
74%
Landwirtschaftsminister &Ernährung Grüne Cem Özdemir
73%
Verkehrsminister & Digitales FDP Volker Wissing
66%
Justizminister FDP Marco Buschmann
60%
Familienministerin, Senioren, Frauen& Jugend Grüne Lisa Paus
39%
Bildungsministerin & Forschung FDP Bettina Stark-Watzinger
37%
Umweltministerin, Naturschutz,nukl. Sicherheit & Verbraucherschutz Grüne Steffi Lemke
36%
Bundesministerin für wirtschaftl. Zusammenarbeit & Entwicklung SPD Svenja Schulze
32%
Bauministerin & Stadtentwicklung SPD Klara Geywitz
28%
Bundesminister für bes. Aufgaben& Kanzleramtschef SPD Wolfgang Schmidt
25%
Keine übereinstimmenden Quizze gefunden
Verteilung der Resultate
Anzahl Personen mit jedem Resultat
Perzentil nach korrekt beantworteten Fragen
Ihre Resultats-Entwicklung
Sie haben dieses Quiz noch nicht gespielt